Responses for show #3717 - Tuesday, October 31, 2000

Brad Rutter game 2.

Contestants

[<< previous game]

Mike Dugan, a first-year law student from Lauderdale, Minnesota

Annette Wilkinson, a stay-at-home mom from Andover, Massachusetts

Brad Rutter, a college student from Lancaster, Pennsylvania (whose 1-day cash winnings total $10,201)

[next game >>]

Jeopardy! Round responses

IT HAPPENED ON HALLOWEEN
GO ASK ALICE
BELLY UP TO THE BAR
POE-POURRI
THE HOLLYWOOD FOREVER CEMETERY
PALINDROMING
    $100 11
Sinai

Brad
    $100 14
Alice in Wonderland

Mike
    $100 1
Lemon

Brad
    $100 6
burial

Brad
    $100 13
Little Rascals/Our Gang

Annette
    $100 16
"SOS"

Annette
    $200 12
Columbia

Mike
    $200 17
Alice Kramden

Brad
    $200 2
Rum

Brad
    $1,000 7
"The Tell-Tale Heart"

Brad
    $200 15
Tarzan

Brad
    $200 24
Hannah

Mike
    $300 18
Nevada

Brad
    $300 21
Alice Cooper

Brad
    $300 3
Cork

Brad
    $300 8
(Brad: Who is Blackbeard?)
...
(Alex: Brad, you missed one... What's going on? Not feeling well?)

Captain Kidd

Brad
Triple Stumper
    $300 28
Hamlet

Mike
    $300 25
Xanax

Brad
    $400 19
Indira Gandhi

Mike
    $400 22
"Alice's Restaurant"

Annette
    $400 4
Tequila Sunrise

Brad
    $400 9
The Red Death

Brad
    $400 29
Hattie McDaniel

Brad
    $400 26
Sagas

Annette
    $500 20
Lee Harvey Oswald

Annette
    $500 23
(Alex: The other woman pictured was Gertrude Stein.)

Alice B. Toklas

Mike
    $500 5
(Alex: Boy, you found your category. We'll talk during the break!)

Seagram's 7 & 7 Up

Brad
    $500 10
(Brad: What is "The Pit and the Pendulum"?)
(Mike: What is "The Cask of Amontadillo"?)

"The Cask of Amontillado"

BradMike
Triple Stumper
    $500 30
Benjamin "Bugsy" Siegel

Brad
    $500 27
Deified

Annette

Scores at the first commercial break (after clue 15):

Brad Annette Mike
$2,500 $100 -$200

Scores at the end of the Jeopardy! Round:

Brad Annette Mike
$4,500 $2,000 $1,200

Double Jeopardy! Round responses

ALL SAINTS' DAY BABIES
PROFILES IN CARVAGE II
PENINSULAS
BUBBLES
METHOD OF EXECUTION
LIFE LINES
    $200 17
Stephen Crane

Annette
    $200 1
Dawn

Brad
    $200 10
Michigan

Brad
    $200 22
Champagne

Brad
    $200 2
Beheading

Brad
    $200 6
the pursuit of happiness

Mike
    $400 18
Jenny McCarthy

Brad
    $400 26
Lycanthropy

Brad
    $400 11
Peloponnesis

Brad
    $400 23
VH1

Brad
    $900 3
Firing Squad

Brad
    $400 7
in the Pits

Annette
    $600 19
Lyle Lovett

Triple Stumper
    $600 27
Linen

Brad
    $600 12
Malay

Brad
    $600 24
Beverly Sills

Annette
    $600 4
Electric Chair

Brad
    $600 8
Henry David Thoreau

Brad
    $800 20
Fernando Valenzuela

Annette
    $800 28
Medusa

Brad
    $800 13
Australia

Annette
    $800 25
Don Ho

Mike
    $800 5
Gas Chamber

Annette
    $800 15
Macbeth

Annette
    $1000 21
Gary Player

Brad
    $1000 29
(Mike: Who is Satan?)

Attila the Hun

AnnetteMike
    $1000 14
Adriatic Sea

Brad
    $600 30
(Annette: What is The Boy in the Bubble?)

The Boy in the Plastic Bubble

Annette
    $1000 9
Hanging

Brad
    $1000 16
art is long (or endures or lasts), life is short (long art, short life accepted)

Brad

Scores at the end of the Double Jeopardy! Round:

Brad Annette Mike
$15,000 $6,800 $1,200
(lock game)

[wagering suggestions for these scores]

Final Jeopardy! Round responses

MEDICAL CONDITIONS
(Alex: [After correct response is mentioned and camera points to Alex] Stop looking at me!)
MikeWhat is ?
$1,200
AnnetteWhat is a potbelly?
$500
BradWhat is prostate cancer?
$1,000
male pattern baldness

Final scores:

Brad Annette Mike
$14,000 $6,300 $0
2-day champion: $24,201 2nd place 3rd place

Game dynamics:

Coryat scores:

Brad Annette Mike
$13,700 $7,400 $1,200
34 R
(including 2 DDs),
2 W
14 R,
1 W
(including 1 DD)
8 R,
2 W

Combined Coryat: $22,300

The J! Archive is created by fans, for fans. Scraping, republication, monetization, and malicious use prohibited; this site may use cookies and collect identifying information. See terms. The Jeopardy! game show and all elements thereof, including but not limited to copyright and trademark thereto, are the property of Jeopardy Productions, Inc. and are protected under law. This website is not affiliated with, sponsored by, or operated by Jeopardy Productions, Inc. Join the discussion at JBoard.tv.